• 首页
  • 本馆介绍
  • 公告通知
  • 最新文献
  • 馆藏检索
  • 电子资源
  • 读者导购
  • 参考咨询
  • 我的图书馆
  • 登录
  • 详细信息显示
  • 放入我的书架
  • 预约/预借图书
  • 作者相关作品
  • 分类相关作品
  • 丛书相关作品
  • 出版社相关作品

书目信息

  • 表格格式
  • 工作单格式
  • 卡片格式
题名:
思想政治工作辩证法
    
 
作者: 高国安 , 李志章 主编
分册:  
出版信息: 北京   新华出版社  1991
页数: 291页
开本: 20cm
丛书名:
单 册:
中图分类: D64 , B26
科图分类: 38.13
主题词: 政治工作-辩证法 , 辩证法-政治工作 , 哲学--中国--现代
电子资源:
ISBN: 7-5011-1384-X
000 00872nam0 2200289 45
001 1241657705
005 20120930121511.81
010    @a7-5011-1384-X@dCNY5.50
100    @a19920410d1991 em y0chiy0121 ea
101 0  @achi
102    @aCN@b110000
105    @ay z 000yy
200 10 @a思想政治工作辩证法@ASI XIANG ZHENG ZHI GONG ZUO BIAN ZHENG FA@f高国安,李志章主编@FGAO GUO AN , LI ZHI ZHANG ZHU BIAN
210    @a北京@c新华出版社@d1991
215    @a291页@d20cm
330    @a本书对思想政治工作的辩证规律、辩证思维进行了初步探索。
540 1  @a政工@AZHENG GONG
606 0  @a政治工作-辩证法
606 0  @a辩证法-政治工作
606 0  @a哲学@x中国@x现代
690    @aD64@v三版
690    @aB26@v4
692    @a38.13
701  0 @a高国安@AGAO GUO AN@4主编
701  0 @a李志章@ALI ZHI ZHANG@4主编
801  0 @aCN@bTSSF@c19920410
905    @a10447@dB26@eJY77
    
    思想政治工作辩证法/高国安,李志章主编.-北京:新华出版社,1991
    291页;20cm
    
    
    ISBN 7-5011-1384-X:CNY5.50
    本书对思想政治工作的辩证规律、辩证思维进行了初步探索。
●
相关链接 在E读中查询图书 在五车中查询图书 在当当中查询图书 在豆瓣中查询图书


正题名:思想政治工作辩证法     索取号:B26/JY77         预约/预借

序号 登录号 条形码 馆藏地/架位号 状态 备注
1 7809627   278096276   学院路分馆/ [索取号:B26/JY77] 在馆    
2 7809628   278096285   学院路分馆/ [索取号:B26/JY77] 在馆    
3 7809629   278096294   学院路分馆/ [索取号:B26/JY77] 在馆    
4 7809630   278096301   学院路分馆/ [索取号:B26/JY77] 在馆    
唐山师范学院图书馆 欢迎您!
大连网信软件有限公司© 版权所有